| 000 | 00595cam a2200229 a 4500 | ||
|---|---|---|---|
| 001 | 15987057 | ||
| 005 | 20180207065531.0 | ||
| 008 | 091117s2011 caua 001 0 eng | ||
| 010 | _a 2009941752 | ||
| 020 | _a0538733543 (alk. paper) | ||
| 040 |
_aDLC _cDLC _dDLC |
||
| 041 | _aeng | ||
| 042 | _apcc | ||
| 080 | _a51 KAU | ||
| 082 | _a51 KAU | ||
| 100 | 1 | _a36 | |
| 101 | _aMAT | ||
| 245 | 1 | 0 | _aAlgebra for college students. |
| 906 |
_a7 _bcbc _corignew _d3 _eepcn _f20 _gy-gencatlg |
||
| 942 |
_2ddc _cBK |
||
| 999 |
_c42008 _d42008 |
||